Mecánica técnica / (Record no. 80368)

MARC details
000 -LEADER
campo de control de longitud fija 00679nam a2200217 i 4500
001 - NÚMERO DE CONTROL
campo de control 80368
003 - IDENTIFICADOR DE NÚMERO DE CONTROL
campo de control ES-MaACL
005 - FECHA Y HORA DE LA ÚLTIMA TRANSACCIÓN
campo de control 20230906174212.0
007 - CAMPO FIJO DE DESCRIPCIÓN FÍSICA--INFORMACIÓN GENERAL
campo de control de longitud fija t|
008 - DATOS DE LONGITUD FIJA--INFORMACIÓN GENERAL
campo de control de longitud fija 041027s1961 sp ||||1| spa d
100 1# - ENTRADA PRINCIPAL--NOMBRE DE PERSONA
Nombre de persona Higdon, Archie.
9 (RLIN) 63632
245 10 - MENCIÓN DEL TÍTULO
Título Mecánica técnica /
Mención de responsabilidad, etc. Archie Higdon y William B. Stiles ; versión española de Albino Yusta Almarza.
260 ## - PUBLICACIÓN, DISTRIBUCIÓN, ETC.
Lugar de publicación, distribución, etc. Madrid :
Nombre del editor, distribuidor, etc. Aguilar,
Fecha de publicación, distribución, etc. 1961.
300 ## - DESCRIPCIÓN FÍSICA
Extensión XVI, 679 p. :
Otras características físicas il. ;
Dimensiones 22 cm.
490 1# - MENCIÓN DE SERIE
Mención de serie Ciencias y técnica
700 1# - ENTRADA AGREGADA--NOMBRE PERSONAL
Nombre de persona Stiles, William B.
9 (RLIN) 108223
700 1# - ENTRADA AGREGADA--NOMBRE PERSONAL
Nombre de persona Yusta Almarza, Albino.
9 (RLIN) 117753
830 0# - PUNTO DE ACCESO ADICIONAL DE SERIE-TÍTULO UNIFORME
Título uniforme Ciencias y técnica
9 (RLIN) 183618
852 ## - LOCALIZACIÓN
Ubicación ES-MaACL
Número de control de estantería F-6302
Sublocalización o colección R.49278
Holdings
Estatus retirado Estado de pérdida Estado de daño No para préstamo Biblioteca de origen Biblioteca actual Ubicación en estantería Fecha de adquisición Fuente de adquisición Total de préstamos Signatura topográfica completa Código de barras Visto por última vez Precio de reemplazo Tipo de ítem Koha
        Biblioteca del Ateneo de Madrid Biblioteca del Ateneo de Madrid Depósito 2 17/01/2008     F-6302 1084028 23/02/2023 23/02/2023 Libro impreso